Mario Kart Characters Quiz Easy-Hard - Statistics

General Stats
  • This quiz has been taken 29 times
  • The average score is 7 of 10
Answer Stats
Question Answer % Correct
The characters of Toad and Toadette are shaped like what vegetable Mushroom
100%
Which American City are the brothers Mario and Luigi from? New York
100%
Which female Mario kart character shares her name with a fruit? Peach
100%
Who is Bowser Jr's mother? It is unknown
91%
The character Isabelle is originally from which game? Animal Crossing
87%
How many characters who have names ending in Kong are there in Mario Kart 8 3
74%
What year did Yoshi debut in the Mario Games series 1990
61%
How many baby characters are in the game Mario Kart 8 Deluxe (Not Including Bowser Jr) 5
57%
Who was the first boss in Super Mario Bros 3? Larry
48%
In other Mario games Rosalina is always seen with a Luma at her side but what is the Lumas name? Polari
17%
No matching quizzes found
Score Distribution
Percent of People with Each Score
Percentile by Number Answered
Your Score History
You have not taken this quiz